Normal view
MARC view
Entry Personal Name
001 - CONTROL NUMBER
- control field: 44622
003 - CONTROL NUMBER IDENTIFIER
- control field: dpl
005 - DATE AND TIME OF LATEST TRANSACTION
- control field: 20120402125415.0
008 - FIXED-LENGTH DATA ELEMENTS
- fixed length control field: 120402|||a|||||| | ||| d
040 ## - CATALOGING SOURCE
- Original cataloging agency: dpl
- Transcribing agency: dpl
100 ## - HEADING--PERSONAL NAME
- Personal name: त्रिपाठी, बद्री विशाल
670 ## - SOURCE DATA FOUND
- Source citation: Work cat.: (dpl): त्रिपाठी, बद्री विशाल, अर्थशास्त्र के सिद्धान्त /, 1998
670 ## - SOURCE DATA FOUND
- Source citation: Work cat.: (dpl): त्रिपाठी, बद्री विशाल, अर्थशास्त्र के सिद्धान्त /, 1998
